[Event "BEL-chT 9798"]
[Site "Antwerp"]
[Date "1997.??.??"]
[Round "4"]
[White "Kuijf, Marinus"]
[Black "De Wit, Dick"]
[Result "1-0"]
[WhiteElo "2460"]
[BlackElo "2335"]

1.e4 c5 2.c3 Nf6 3.e5 Nd5 4.g3 Nc6 5.Bg2 Qc7 6.f4 e6 7.Nf3 b5 8.O-O Bb7 9.Na3 c4
10.b3 cxb3 11.axb3 b4 12.c4 Nxf4 13.gxf4 bxa3 14.d4 Nb4 15.Bxa3 a5 16.Qe2 h6
17.Nh4 Be7 18.Bxb4 Bxb4 19.f5 Be7 20.f6 gxf6 21.exf6 Bd6 22.Nf5 Rg8 23.Ng7+ Kd8
24.Qh5 Bxg2 25.Kxg2 Qb7+ 26.Rf3 Qe4 27.Rxa5 Qe2+ 28.Rf2 Qe4+ 29.Kh3 Rb8 30.Qd1 Bf8
31.Re5 Qb7 32.Rb5 Qc7 33.Rxb8+ Qxb8 34.Rg2 Kc8 35.Qf3 Qa7 36.c5 d5 37.Qd3 Bxg7
38.Rxg7 Rf8 39.Qb5 Qa1 40.Qc6+ Kb8 41.Qd6+ Ka7 42.Qd7+ Kb8 43.Qb5+ Kc7 44.Qd3 Kc6
45.Rg2 Rb8 46.Qg3 Rd8 47.Qf4 Qc3+ 48.Rg3 Qe1 49.Rg7 Qe2 50.Kh4 Qd1 51.Rxf7 Qe1+
52.Kh5 Qe2+ 53.Kg6 Qg2+ 54.Qg3 Qe4+ 55.Kg7 e5 56.dxe5 Rc8 57.Qh3  1-0

[Event "BEL-chT 9798"]
[Site "Antwerp"]
[Date "1997.??.??"]
[Round "5"]
[White "Riemens, Albert"]
[Black "Gulbas, Cemil"]
[Result "1/2-1/2"]
[WhiteElo "2185"]
[BlackElo "2190"]

1.e4 c5 2.c3 Nf6 3.e5 Nd5 4.d4 cxd4 5.cxd4 d6 6.Bc4 Nb6 7.Bb5+ Bd7 8.e6 fxe6
9.Bd3 Qc7 10.Nc3 g6 11.h4 Nd5 12.Nge2 Nc6 13.h5 g5 14.Nxd5 exd5 15.Bxg5 O-O-O
16.h6 Qb6 17.Be3 Kb8 18.O-O Nb4 19.Bb1 Bb5 20.a3 Qa6 21.Re1 Nd3 22.Bxd3 Bxd3
23.Nf4 Bf5 24.Nxd5 Rg8 25.Nb4 Qb5 26.d5 a5 27.Na2 Rg4 28.f3 Rc4 29.b3 Rc2
30.Qd4 Rdc8 31.Rac1 b6 32.Rxc2 Bxc2 33.b4 Rc4 34.Qd2 Bb3 35.Nc3 Qa6 36.Qb2 a4
37.Ne4 Rc8 38.Qd4 Kb7 39.Rc1 Rxc1+ 40.Bxc1 Qe2 41.Be3 Qe1+ 42.Kh2 Qh4+  1/2-1/2

[Event "Arco di Trento op2"]
[Site "Arco di Trento"]
[Date "1997.??.??"]
[Round "1"]
[White "Godena, Michele"]
[Black "Samaritani, Fabio"]
[Result "1-0"]
[WhiteElo "2545"]
[BlackElo "2220"]

1.e4 c5 2.c3 Nf6 3.e5 Nd5 4.Nf3 e6 5.d4 cxd4 6.cxd4 b6 7.Bd3 Bb4+ 8.Bd2 Bxd2+
9.Qxd2 O-O 10.Be4 Nc6 11.Bxd5 exd5 12.O-O d6 13.Rc1 Ne7 14.Nc3 Ba6 15.Re1 Qd7
16.Rad1 Rae8 17.Qf4 Ng6 18.Qg3 dxe5 19.dxe5 Bb7 20.Nd4 Re7 21.f4 Rfe8 22.f5  1-0

[Event "Argenteuil"]
[Site "Argenteuil"]
[Date "1997.??.??"]
[Round "5"]
[White "Ippolito, Manuel"]
[Black "Hartereau, Philippe"]
[Result "1-0"]
[WhiteElo "2280"]
[BlackElo "2205"]

1.e4 c5 2.c3 Nf6 3.e5 Nd5 4.d4 cxd4 5.cxd4 d6 6.Nf3 Nc6 7.Bc4 Nb6 8.Bb3 d5
9.Nh4 a5 10.a3 e6 11.Nf3 Bd7 12.Nc3 Na7 13.O-O Rc8 14.a4 Be7 15.Bc2 Nc6 16.g3 Nb4
17.Bb1 Nc4 18.h4 O-O 19.Ng5 h6 20.Nh7 Re8 21.Qg4 f5 22.Qg6 Rf8 23.Nxf8 Bxf8
24.Bxh6 Nxb2 25.Nb5 Nc4 26.h5 Qe8 27.Bf4 Qxg6 28.hxg6 Be8 29.g4 Bxg6 30.gxf5 Bxf5
31.Bxf5 exf5 32.Kg2 Be7 33.Kf3 Kf7 34.Rg1 Rh8 35.Rg3 Nc6 36.Rag1 Rh7 37.Be3 Nxe3
38.Kxe3 g5 39.Rxg5 Bxg5+ 40.Rxg5 Ke6 41.Rg6+ Ke7 42.Rf6 Rh3+ 43.f3 Rh5 44.Nd6 f4+
45.Rxf4  1-0

[Event "Asti op"]
[Site "Asti"]
[Date "1997.??.??"]
[Round "?"]
[White "Nurkic, Sahbaz"]
[Black "Malano, Francesco"]
[Result "1-0"]
[WhiteElo "2395"]
[BlackElo "2070"]

1.e4 c5 2.c3 Nf6 3.e5 Nd5 4.d4 cxd4 5.Nf3 Nc6 6.Bc4 Nb6 7.Bb3 e6 8.cxd4 d6
9.O-O dxe5 10.dxe5 Be7 11.Qe2 O-O 12.Rd1 Qc7 13.Nc3 Bd7 14.Nb5 Qb8 15.a4 Nb4
16.Bg5 Bxg5 17.Nxg5 Bc6 18.Rd4 a5 19.Nxh7 Rd8 20.Nd6 Rxd6 21.exd6 N6d5 22.Ng5 Nf6
23.Bxe6 fxe6 24.Qxe6+  1-0

[Event "EU-ch Rapid (Women)"]
[Site "Athens"]
[Date "1997.??.??"]
[Round "4"]
[White "Jahn, Constanze"]
[Black "Schroecker, Maria Luise"]
[Result "1-0"]
[WhiteElo "2180"]
[BlackElo "2130"]

1.e4 c5 2.c3 Nf6 3.e5 Nd5 4.d4 e6 5.Nf3 cxd4 6.Bc4 Nb6 7.Bb3 d5 8.exd6 Qxd6
9.cxd4 Nc6 10.Nc3 Be7 11.O-O O-O 12.Be3 Rd8 13.Qe2 Nd5 14.Ne4 Qb8 15.g3 Nxe3
16.fxe3 h6 17.Rac1 Na5 18.Bc2 f5 19.Nf2 Bf6 20.e4 Bxd4 21.Nxd4 Rxd4 22.exf5 exf5
23.Qe8+ Kh7 24.Ne4 Nc6 25.Bb3 Bd7 26.Ng5+  1-0

[Event "AUT-chT2W 9798"]
[Site "Austria"]
[Date "1997.??.??"]
[Round "3"]
[White "Hoellrigl, Wilfried"]
[Black "Aigner, Matthias"]
[Result "1-0"]
[WhiteElo "2205"]
[BlackElo "1725"]

1.e4 c5 2.c3 Nf6 3.e5 Nd5 4.d4 cxd4 5.Nf3 Nc6 6.cxd4 g6 7.Bc4 Nb6 8.Bb3 Bg7
9.h4 d6 10.e6 fxe6 11.h5 Bf6 12.hxg6 h6  1-0

[Event "AUT-chT2W 9798"]
[Site "Austria"]
[Date "1997.??.??"]
[Round "3"]
[White "Reich, Thomas"]
[Black "Pilz, Dieter"]
[Result "1/2-1/2"]
[WhiteElo "2355"]
[BlackElo "2250"]

1.e4 c5 2.c3 Nf6 3.e5 Nd5 4.d4 cxd4 5.Nf3 e6 6.cxd4 Nc6 7.a3 d6 8.Bd3 Be7
9.O-O Bd7 10.Nbd2 Nf4 11.Ne4 Nxd3 12.Qxd3 d5 13.Nd6+ Bxd6 14.exd6 f6 15.b4 g6
16.Nd2 O-O 17.Nb3 Kh8 18.Rb1 Rc8 19.Bf4 e5 20.dxe5 fxe5 21.Bg3 d4 22.f4 exf4
23.Rxf4 Rxf4 24.Bxf4 Bf5 25.Qf3 d3 26.Rf1 h6 27.Qg3 Kh7 28.h4 Qe8 29.d7  1/2-1/2

[Event "AUT-chT2W 9798"]
[Site "Austria"]
[Date "1997.??.??"]
[Round "4"]
[White "Hoellrigl, Wilfried"]
[Black "Haidacher, Karl"]
[Result "1-0"]
[WhiteElo "2205"]
[BlackElo "1915"]

1.e4 c5 2.c3 Nf6 3.e5 Nd5 4.d4 cxd4 5.Nf3 e6 6.cxd4 d6 7.Bc4 Nc6 8.O-O Be7
9.exd6 Qxd6 10.Nc3 Nxc3 11.bxc3 O-O 12.Re1 b6 13.h4 Bb7 14.Ng5 Bxg5 15.Bxg5 Ne7
16.Bd3 Nd5 17.Qg4 f5 18.Qe2 Rfe8 19.Rac1 a6 20.a4 Qc6 21.f3 Qxa4 22.c4 Nb4
23.Bb1 Qd7 24.Red1 a5 25.Qb2 Qc7 26.d5 Qd6 27.dxe6 Qxe6 28.Kh1 h6 29.Bf4 Rac8
30.Rd6 Qe7 31.Qf2 Rc6 32.Rxc6 Bxc6 33.Qg3 Qf6 34.Rd1 Re6 35.Bc7 Ba4 36.Rd8+ Re8
37.Rd6 Re6 38.Rxe6 Qxe6 39.Be5 g6 40.Bd4 Be8 41.Kh2 a4 42.Qc7 Bd7 43.Qb8+ Be8
44.Qa7 Bd7 45.Qb8+ Be8 46.Qc7 Bd7 47.Bc3 Na6 48.Qf4 Nc5 49.Qxh6 Kf7 50.Qg7+ Ke8
51.f4 Qf7 52.Qh8+ Ke7 53.Be5 Be8 54.Bc2 Kd7 55.Bb1 Qxc4 56.h5 gxh5 57.Bxf5+ Ke7
58.Qg7+  1-0

[Event "AUT-chT2W 9697"]
[Site "Austria"]
[Date "1997.??.??"]
[Round "8"]
[White "Huber, Wolfgang"]
[Black "Srienz, Christian"]
[Result "1/2-1/2"]
[WhiteElo "2220"]
[BlackElo "2110"]

1.e4 c5 2.c3 Nf6 3.e5 Nd5 4.Nf3 Nc6 5.Bc4 e6 6.O-O d6 7.d4 cxd4 8.cxd4 dxe5
9.dxe5 Be7 10.Qe2 O-O 11.Rd1 Re8 12.Qe4 Qc7 13.Nc3 Nxc3 14.bxc3 b6 15.Bg5 Bb7
16.Bd3 g6 17.Qh4 h5 18.Qf4 Bxg5 19.Qxg5 Qe7 20.Qh6 Qf8 21.Qg5 Qe7 22.Qh6  1/2-1/2

[Event "AUT-chT2W 9697"]
[Site "Austria"]
[Date "1997.??.??"]
[Round "9"]
[White "Gerhold, Michael"]
[Black "Hoellrigl, Wilfried"]
[Result "1-0"]
[WhiteElo "2235"]
[BlackElo "2235"]

1.e4 c5 2.c3 Nf6 3.e5 Nd5 4.Nf3 Nc6 5.Bc4 Nb6 6.Be2 d6 7.exd6 Qxd6 8.Na3 a6
9.Nc2 g6 10.d4 cxd4 11.Ncxd4 Bg7 12.Nxc6 Qxc6 13.Be3 e5 14.Ng5 O-O 15.Qb3 Nd7
16.Bc4 Qf6 17.Ne4 Qc6 18.Bd5 Qc7 19.O-O-O Nf6 20.Bb6 Qb8 21.Bxf7+ Kh8 22.Nd6 Bf5
23.Nxf5 gxf5 24.Be6 f4 25.f3 e4 26.fxe4 f3 27.gxf3 Qf4+ 28.Kb1 Qxf3 29.Rhe1 Rfe8
30.Bd4 b5 31.e5 Nh5 32.Ka1 Rad8 33.Bf7 Re7 34.Rf1 Qg4 35.Rg1 Qf5 36.Rdf1 Nf4
37.e6 Bxd4 38.cxd4 Rf8 39.d5 Qf6 40.Rxf4  1-0

[Event "AUT-chT2S 9697"]
[Site "Austria"]
[Date "1997.??.??"]
[Round "9"]
[White "Eichhorn, Alfred"]
[Black "Kratschmer, Heinz"]
[Result "1-0"]
[WhiteElo "2105"]
[BlackElo "2020"]

1.e4 c5 2.c3 Nf6 3.e5 Nd5 4.d4 d6 5.Nf3 cxd4 6.exd6 Qxd6 7.Qxd4 Nc6 8.Bb5 Bd7
9.Bxc6 Bxc6 10.O-O e6 11.Na3 Qc5 12.Nc2 Rd8 13.Ne5 Nf6 14.Qxc5 Bxc5 15.Nxc6 bxc6
16.Bg5 Ke7 17.Rfd1 Rd5 18.Bxf6+ Kxf6 19.c4 Rdd8 20.Kf1 e5 21.b4 Be7 22.Ke2 Ke6
23.Rxd8 Rxd8 24.Rd1 Rxd1 25.Kxd1 f5 26.Ke2 g5 27.f3 h5 28.h3 g4 29.fxg4 fxg4
30.hxg4 hxg4 31.Kd3 Kf5 32.g3 e4+ 33.Kd4 Bf6+ 34.Kc5 Bg5 35.Nd4+ Kf6 36.Kxc6 Ke5
37.Ne2 e3 38.c5 Ke4 39.b5 Bd8 40.Ng1 Kd3 41.b6 axb6 42.cxb6 Bf6 43.a4 Be5
44.a5 Bxg3 45.a6 Bf2 46.a7 Bxg1 47.a8=Q e2 48.Qa3+ Kd2 49.Qb2+ Ke3 50.Qc1+ Kf2
51.Qf4+ Kg2 52.Qxg4+ Kf1 53.Qf3+ Bf2 54.Qd3 Bh4 55.b7  1-0

[Event "AUT-chT2W 9697"]
[Site "Austria"]
[Date "1997.??.??"]
[Round "11"]
[White "Gerhold, Michael"]
[Black "Vlasak, Reinhard"]
[Result "1-0"]
[WhiteElo "2235"]
[BlackElo "2225"]

1.e4 c5 2.c3 Nf6 3.e5 Nd5 4.Nf3 Nc6 5.Bc4 Nb6 6.Bb3 d5 7.d4 cxd4 8.cxd4 Bf5
9.Nc3 e6 10.Bg5 Be7 11.Bxe7 Qxe7 12.h3 O-O 13.O-O Na5 14.Nb5 Nac4 15.Bxc4 Nxc4
16.b3 a6 17.bxc4 axb5 18.cxd5 exd5 19.Qb3 Rfd8 20.a3 Rac8 21.Rfc1 Qd7 22.Nd2 Rc7
23.Rxc7 Qxc7 24.Qxb5 Qc3 25.Nb3 Bc2 26.Qa5 Rc8 27.Qxc3 Rxc3 28.Nc5 b6 29.Nd7 Rc4
30.Nxb6 Rxd4 31.a4 Rb4 32.a5 d4 33.a6 Be4 34.a7 h6 35.a8=Q+ Bxa8 36.Rxa8+ Kh7
37.Nd5 Rb1+ 38.Kh2 d3 39.Ne3 Rb2 40.Kg3 Kg6 41.Ra6+ Kh7 42.Rd6 Rb3 43.Kf3  1-0

[Event "AUT-chT2O 9697"]
[Site "Austria"]
[Date "1997.??.??"]
[Round "11"]
[White "Woeber, Friedrich"]
[Black "Neumeier, Klaus"]
[Result "1/2-1/2"]
[WhiteElo "2225"]
[BlackElo "2305"]

1.e4 c5 2.c3 Nf6 3.e5 Nd5 4.d4 cxd4 5.Nf3 Nc6 6.Bc4 Nb6 7.Bb3 g6 8.cxd4 Bg7
9.Bf4 d6 10.exd6 exd6 11.O-O O-O 12.h3 Bf5 13.Nc3 Re8 14.Nb5 Nc8 15.Ng5 Rf8
16.Nf3 a6 17.Nc3 Na5 18.Bd5 Nb6 19.Re1 Rc8 20.Bg5 Bf6 21.Bh6 Rxc3 22.bxc3 Nxd5
23.Bxf8 Kxf8 24.Qc1 h5 25.c4 Nb4 26.Re2 Bd3 27.Rb2 Nbc6 28.c5 d5 29.Qh6+ Kg8
30.Re1 Be4 31.Rbe2 Nxd4 32.Nxd4 Bxd4 33.Qd2 Nc6 34.Kh1 Qh4 35.f3 Bxf3 36.Re8+ Kg7
37.gxf3 Bf2 38.Kg2 Qg3+ 39.Kf1 Bxc5 40.Qg2 Qf4 41.Rd1 Nd4 42.Rd3 Qc1+ 43.Re1 Qc4
44.Qd2 Bb4 45.Rc1 Qb5 46.Qe3 Nf5 47.Qe5+ Kh7 48.Rd1 Bd6 49.Qe1 d4 50.Kg2 Bf4
51.Rxd4 Nxd4 52.Rxd4 Qg5+ 53.Kh1 Bg3 54.Qd2 Qf5 55.Kg2 h4 56.Rd7 Bf4 57.Qd5 Qc2+
58.Kf1 Qb1+ 59.Kg2 Qc2+ 60.Kf1 Qb1+ 61.Kg2  1/2-1/2

[Event "SCO-ch"]
[Site "Aviemore"]
[Date "1997.??.??"]
[Round "2"]
[White "Stevenson, James"]
[Black "Parkin, James"]
[Result "1-0"]
[WhiteElo "2155"]
[BlackElo "2035"]

1.e4 c5 2.c3 Nf6 3.e5 Nd5 4.d4 cxd4 5.Nf3 Nc6 6.cxd4 d6 7.Nc3 dxe5 8.dxe5 Ndb4
9.a3 Qxd1+ 10.Kxd1 Na6 11.b4 Bg4 12.Bf4 O-O-O+ 13.Kc2 Bxf3 14.gxf3 Nd4+ 15.Kb2 Nc7
16.Rc1 Kb8 17.Bg2 g6 18.Be3 Nce6 19.Rhd1 g5 20.Ne4 Bg7 21.Ka2 h6 22.h4 Bxe5
23.hxg5 hxg5 24.Nxg5 Nxg5 25.Bxg5 Rh2 26.Bxe7 Rxg2 27.Bxd8 Rxf2+ 28.Kb1 Nb5
29.Bc7+ Bxc7 30.Rd3 a6 31.Re1 Nd6 32.Re7 b5 33.Rd7 Nc4 34.Rxf7 Be5 35.Rd8+  1-0

[Event "SCO-ch"]
[Site "Aviemore"]
[Date "1997.??.??"]
[Round "7"]
[White "Shaw, John"]
[Black "Crouch, Colin S"]
[Result "0-1"]
[WhiteElo "2390"]
[BlackElo "2375"]

1.e4 c5 2.c3 Nf6 3.e5 Nd5 4.Nf3 e6 5.d4 cxd4 6.cxd4 b6 7.Bd3 Ba6 8.O-O Bxd3
9.Qxd3 Be7 10.Nc3 Nxc3 11.bxc3 O-O 12.d5 exd5 13.Qxd5 Na6 14.Rd1 Nc5 15.Be3 Rc8
16.Bxc5 Bxc5 17.Qxd7 Qxd7 18.Rxd7 a5 19.Kf1 Ba3 20.Rb1 Rxc3 21.Rxb6 Rc1+
22.Ke2 Ra1 23.Rd2 Re8 24.Ra6 Bb4 25.Rc2 h6 26.Kd3 Rd1+ 27.Ke4 f6 28.e6 Bd6
29.Rxa5 Rxe6+ 30.Kf5 Kf7 31.Ra7+ Be7 32.h4 g6+ 33.Kf4 g5+ 34.hxg5 hxg5+ 35.Kg3 Kg6
36.Kh2 Rd3 37.Rc1 Re2 38.Re1 Bd6+ 39.Kg1 Rxe1+ 40.Nxe1 Rd1 41.Kf1 Bb4 42.Ke2 Rxe1+
43.Kf3 Bc5 44.Rc7 Bd6 45.Rc2 Kf5 46.g3 Be5 47.Rd2 Rc1 48.Re2 Rb1 49.Rc2 Rb2  0-1

[Event "Bad Homburg"]
[Site "Bad Homburg"]
[Date "1997.??.??"]
[Round "2"]
[White "Hickl, Joerg"]
[Black "Hracek, Zbynek"]
[Result "0-1"]
[WhiteElo "2565"]
[BlackElo "2605"]

1.e4 c5 2.c3 Nf6 3.d3 Nc6 4.Nf3 d5 5.Nbd2 Bg4 6.Be2 e6 7.O-O Be7 8.Re1 O-O
9.Qc2 Qc7 10.Nf1 Rad8 11.Bg5 d4 12.N1d2 h6 13.Bh4 dxc3 14.bxc3 Nh5 15.Bxe7 Qxe7
16.g3 Nf6 17.Reb1 b6 18.Bf1 Nd7 19.a4 Qf6 20.Ne1 Bh5 21.f4 g5 22.Ng2 Kh8
23.Re1 Rg8 24.Kh1 Bg4 25.e5 Qg6 26.Ne4 gxf4 27.gxf4 f6 28.exf6 Nxf6 29.Qf2 Rdf8
30.Re3 e5 31.Nh4 Qh5 32.Nxf6 Rxf6 33.f5 Ne7 34.Rxe5 Nxf5 35.Ng2 Bf3 36.Rae1 Rfg6
37.Be2 Rxg2  0-1

[Event "Wch Seniors"]
[Site "Bad Wildbad"]
[Date "1997.??.??"]
[Round "3"]
[White "Fischer, Ernst"]
[Black "Barlo, Werner"]
[Result "1-0"]
[WhiteElo "1968"]
[BlackElo "1649"]

1.e4 c5 2.c3 Nf6 3.e5 Nd5 4.Nf3 d6 5.d4 Bg4 6.Bc4 Nb6 7.Bxf7+ Kd7 8.dxc5 Nc8
9.exd6 Bxf3 10.Qxf3 Nxd6 11.cxd6 Qb6 12.Qf5+ Kd8 13.dxe7+ Bxe7 14.O-O Kc7
15.Na3 g6 16.Nb5+ Kd8 17.Rd1+  1-0

[Event "Wch Seniors"]
[Site "Bad Wildbad"]
[Date "1997.??.??"]
[Round "4"]
[White "Sutterer, Robert"]
[Black "Olsen, Willy"]
[Result "0-1"]
[WhiteElo "2141"]
[BlackElo "1900"]

1.e4 c5 2.c3 Nf6 3.e5 Nd5 4.d4 cxd4 5.Qxd4 e6 6.Nf3 Nc6 7.Qe4 d6 8.Nbd2 dxe5
9.Nxe5 Bd6 10.Nxc6 bxc6 11.Nc4 Bc7 12.Bd3 f5 13.Qd4 O-O 14.Be2 Re8 15.Qc5 Bb7
16.O-O e5 17.Bd2 Re6 18.Rad1 Bb6 19.Qa3 Bc7 20.Bc1 Kh8 21.Ne3 Qf6 22.Bc4 Rd6
23.Qb3 Rb8 24.Qc2 e4 25.f4 Bb6 26.Qe2 Rbd8 27.Kh1 a5 28.Nxd5 cxd5 29.Bb5 d4
30.cxd4 Rxd4 31.Rxd4 Qxd4 32.b3 e3 33.Bc4 Qe4 34.h3 h6 35.Kh2 Rd7 36.Kh1 Rd8
37.Kh2 Re8 38.Kh1 Kh7 39.Kh2 Re7 40.Kh1 Rd7 41.Kh2 Rd8 42.Kh1 Re8 43.Kh2 Re7
44.Kh1 Bc7 45.Bd3 Qe6 46.Bc4 Qd6 47.Bd3 Qc5 48.Bc4 g5 49.Qh5 Bxf4 50.Rxf4 gxf4
51.Ba3 Bxg2+ 52.Kxg2 Rg7+ 53.Kh2 Qe5 54.Qf3 Qa1 55.Bf1 Qxa2+ 56.Be2 Qxa3
57.Qxf4 Qc5 58.Bd3 Qc7 59.Bxf5+ Kh8 60.Qxc7 Rxc7 61.Kg3 e2  0-1

[Event "Wch Seniors"]
[Site "Bad Wildbad"]
[Date "1997.??.??"]
[Round "10"]
[White "Ofstad, Per"]
[Black "Rosen, Willy"]
[Result "0-1"]
[WhiteElo "2175"]
[BlackElo "2285"]

1.e4 c5 2.c3 Nf6 3.e5 Nd5 4.d4 cxd4 5.Qxd4 e6 6.Bc4 Nc6 7.Qe4 f5 8.Qe2 Nc7
9.Nf3 Be7 10.O-O O-O 11.b4 b5 12.Bb3 a5 13.Rd1 Bb7 14.Nd4 Qc8 15.Na3 Nxd4
16.Rxd4 Bc6 17.Nc2 a4  0-1

[Event "Bad Zwesten op"]
[Site "Bad Zwesten"]
[Date "1997.??.??"]
[Round "2"]
[White "Spindler, Markus"]
[Black "Rogozenko, Dorin"]
[Result "0-1"]
[WhiteElo "2125"]
[BlackElo "2530"]

1.e4 c5 2.c3 Nf6 3.e5 Nd5 4.d4 cxd4 5.cxd4 d6 6.Nf3 Nc6 7.exd6 Qxd6 8.Nc3 Bg4
9.Bc4 e6 10.Be3 Be7 11.O-O O-O 12.h3 Bh5 13.a3 Rfd8 14.Nxd5 exd5 15.Be2 Bf6
16.Qd2 Re8 17.Rfe1 Re4 18.Ng5 Bxg5 19.Bxh5 Rxd4 20.Qe2 Bxe3 21.Qxe3 Re4 22.Qb3 Qe7
23.Red1 g6 24.Qg3 Nd4 25.Rac1 Nf5 26.Qf3 Ng7 27.Bg4 f5 28.Bxf5 Nxf5 29.Rxd5 Nd4  0-1

[Event "Bad Zwesten op"]
[Site "Bad Zwesten"]
[Date "1997.??.??"]
[Round "5"]
[White "Aepfler, Christian"]
[Black "Glienke, Manfred"]
[Result "1/2-1/2"]
[WhiteElo "2170"]
[BlackElo "2390"]

1.e4 c5 2.c3 Nf6 3.e5 Nd5 4.Nf3 d6 5.Bc4 Nb6 6.Bb3 Nc6 7.exd6 e6 8.d4 cxd4
9.Nxd4 Nxd4 10.Qxd4 Qxd6 11.Qxd6 Bxd6 12.Nd2 Bd7 13.Ne4 Be7 14.Bf4 Bc6 15.Nd6+ Kf8
16.O-O g5 17.Be5 Rg8 18.Rfd1 h5 19.Nc4 Nd7 20.Bd4 b6 21.Ne5 Nxe5 22.Bxe5 g4
23.Bd6 Rg5 24.Bf4 Rf5 25.Bh6+ Ke8 26.Bc2 Rd5 27.Rxd5 exd5 28.Re1 Bd7 29.Bg5 Be6
30.Ba4+ Kf8 31.Bh6+ Kg8 32.Bd7 Bxd7 33.Rxe7 Re8 34.Rxe8+ Bxe8 35.Kf1  1/2-1/2

[Event "Bad Zwesten op"]
[Site "Bad Zwesten"]
[Date "1997.??.??"]
[Round "5"]
[White "Hawellek, Jeronimo"]
[Black "Levin, Felix"]
[Result "0-1"]
[WhiteElo "2205"]
[BlackElo "2485"]

1.e4 c5 2.c3 Nf6 3.e5 Nd5 4.d4 cxd4 5.cxd4 Nc6 6.Nc3 Nxc3 7.bxc3 e6 8.Bd3 d6
9.exd6 Bxd6 10.Nf3 Qa5 11.Bd2 O-O 12.O-O Qh5 13.h3 e5 14.Ng5 Qxd1 15.Rfxd1 h6
16.Ne4 Rd8 17.d5 Be7 18.c4 Nd4 19.Bc3 f5 20.Ng3 Bc5 21.Ne2 Nxe2+ 22.Bxe2 e4
23.Bd4 Bxd4 24.Rxd4 b6 25.g4 Kf7 26.f3 Kf6 27.fxe4 Ke5 28.Rd2 f4 29.c5 bxc5
30.Rc1 Bd7 31.Rxc5 Rdc8 32.Rdc2 Kxe4 33.d6 Rxc5 34.Rxc5 a5 35.Kf2 Kd4 36.Rc4+ Ke5
37.Bf3 Rc8 38.Re4+ Kxd6 39.Rd4+ Ke7 40.Re4+ Be6 41.g5 Rc2+ 42.Ke1 hxg5 43.Bg4 Rc6
44.Re5 a4 45.Rxg5 Kf6 46.h4 Bxa2 47.Rf5+ Ke7 48.Rxf4 Bb3 49.Rb4 Ra6 50.Kd2 a3
51.Rxb3 a2 52.Re3+ Kf6 53.Re1 a1=Q  0-1

[Event "Baku"]
[Site "Baku"]
[Date "1997.??.??"]
[Round "3"]
[White "Karpatchev, Aleksandr"]
[Black "Sideif Sade, Fikret I"]
[Result "1-0"]
[WhiteElo "2390"]
[BlackElo "2435"]

1.e4 c5 2.c3 Nf6 3.e5 Nd5 4.Nf3 Nc6 5.Bc4 Nb6 6.Bb3 c4 7.Bc2 d5 8.exd6 Qxd6
9.O-O Bg4 10.Qe2 e5 11.b3 cxb3 12.axb3 Be7 13.h3 Bxf3 14.Qxf3 O-O 15.d3 Nd5
16.Bb2 Rad8 17.Nd2 Qc7 18.Nc4 Rfe8 19.Ne3 Nf4 20.Rad1 Bf8 21.d4 exd4 22.cxd4 Nb4
23.Be4 b5 24.d5 Ng6 25.Bb1 a5 26.Nf5 Qf4 27.Qh5 Nxd5 28.g3 Qb4 29.Rd4 Qxb3
30.Rh4 h6 31.Nxh6+ gxh6 32.Bxg6 Qxb2 33.Bxf7+ Kh8 34.Bxe8 Nf6 35.Qxb5 Rb8
36.Qxb2 Rxb2 37.Rf4 Kg7 38.Ba4 Bd6 39.Rf5 Bb4 40.Rc1 Ne4  1-0

[Event "Baku"]
[Site "Baku"]
[Date "1997.??.??"]
[Round "9"]
[White "Gadjilu, Rauf"]
[Black "Guseinov, Aidyn"]
[Result "0-1"]
[WhiteElo "2290"]
[BlackElo "2430"]

1.e4 c5 2.c3 Nf6 3.e5 Nd5 4.d4 cxd4 5.Nf3 Nc6 6.cxd4 d6 7.Bc4 Nb6 8.Bb5 Bd7
9.exd6 e6 10.Nc3 Bxd6 11.O-O Nb4 12.Be2 O-O 13.Ne5 Be8 14.Qb3 Qh4 15.Be3 a5
16.a4 N6d5 17.g3 Qe7 18.Nxd5 exd5 19.Nd3 Qe4 20.Nxb4 Bxb4 21.Rac1 Bc6 22.Rfd1 Rfc8
23.Bd3 Qe8 24.Ra1 g6 25.Bd2 Qf8 26.Bc3 h5 27.h4 Bd6 28.Re1 Qd8 29.Re3 Kg7
30.Rae1 g5 31.hxg5 Qxg5 32.Kg2 h4 33.Rf3 Bd7 34.Rfe3 hxg3 35.fxg3 Re8 36.Bd2 Bf4  0-1

[Event "Barbera op"]
[Site "Barbera"]
[Date "1997.??.??"]
[Round "7"]
[White "Jerez Perez, Alfonso"]
[Black "Vehi Bach, Victor Manuel"]
[Result "1/2-1/2"]
[WhiteElo "2300"]
[BlackElo "2390"]

1.e4 c5 2.c3 Nf6 3.e5 Nd5 4.d4 cxd4 5.Nf3 e6 6.cxd4 d6 7.a3 Nd7 8.Bd3 dxe5
9.dxe5 g6 10.b4 Bg7 11.Bb2 Nf4 12.O-O O-O 13.Be4 Qc7 14.Qc2 Qxc2 15.Bxc2 Nb6
16.Re1 Bd7 17.g3 Nfd5 18.Bd4 a5 19.bxa5 Rxa5 20.Nbd2 Rc8 21.Be4 Nc4 22.Rec1 Ra4
23.Rxc4 Rcxc4 24.Nxc4 Rxc4 25.Rb1 Bc6 26.Bd3 Ra4 27.Bb5 Bxb5 28.Rxb5 Rxa3
29.Rxb7 h6 30.Kg2  1/2-1/2

[Event "Regionalliga SO9798"]
[Site "Bayern"]
[Date "1997.??.??"]
[Round "?"]
[White "Jergler, Karl Heinz"]
[Black "Doerfler, Guenther"]
[Result "1-0"]
[WhiteElo "2170"]
[BlackElo "2045"]

1.e4 c5 2.c3 Nf6 3.e5 Nd5 4.d4 cxd4 5.Nf3 e6 6.Qxd4 Nc6 7.Qe4 d6 8.exd6 Bxd6
9.Bc4 Nf6 10.Qe2 O-O 11.O-O Qc7 12.Nbd2 b6 13.Bd3 Rd8 14.Nc4 Be7 15.Bg5 Ba6
16.Nce5 Bxd3 17.Nxd3 Nd5 18.Bxe7 Ncxe7 19.Rad1 Ng6 20.g3 Qc4 21.Nc1 Qg4 22.Nd4 Qh3
23.Qf3 Ne5 24.Qg2 Qxg2+ 25.Kxg2 Nc4 26.Nd3 e5 27.Nc6 Re8 28.b3 Na5 29.Nxa5 bxa5
30.Rc1 e4 31.Nf4 Nxf4+ 32.gxf4 Red8 33.Rfd1 f5 34.Kf1 Kf7 35.Ke2 Ke6 36.Ke3 Rac8
37.c4 g6 38.f3 exf3 39.Kxf3 a4 40.h4 axb3 41.axb3 Rb8 42.Rxd8 Rxd8 43.Ke3 Rb8
44.Rc3 Kd6 45.Kd4 Kc6 46.Re3 Rd8+ 47.Kc3 a5 48.Re6+ Kb7 49.Re7+ Kb6 50.Rxh7 Rd1
51.Rh6 Rf1 52.Rxg6+ Kc5 53.Ra6 Rf3+ 54.Kb2 Rxf4 55.Rxa5+ Kd4 56.Rd5+ Ke4
57.Kc3 Rf3+ 58.Kb4 Rh3 59.Rd8 f4 60.Re8+ Kd4 61.c5 Rxh4 62.Rd8+ Ke5 63.c6 f3+
64.Kc5 f2 65.Rd1 Rf4 66.Rf1 Ke6 67.b4 Rf5+ 68.Kb6 Rf8 69.b5 Rf5 70.c7 Kd7
71.Rd1+  1-0

[Event "Regionalliga NW9697"]
[Site "Bayern"]
[Date "1997.??.??"]
[Round "?"]
[White "Horther, Heinrich"]
[Black "Lang, James"]
[Result "1/2-1/2"]
[WhiteElo "2155"]
[BlackElo "2095"]

1.e4 c5 2.c3 Nf6 3.e5 Nd5 4.d4 cxd4 5.cxd4 d6 6.Nf3 Nc6 7.Bc4 Nb6 8.Bb5 dxe5
9.Nxe5 Bd7 10.Nf3 e6 11.O-O Be7 12.Nc3 O-O 13.Bf4 a6 14.Bd3 Nb4 15.Rc1 Nxd3
16.Qxd3 Rc8 17.Ne5 Bc6 18.Nxc6 Rxc6 19.Ne4 Nd5 20.Be5 Qc8 21.Qg3 f6 22.Bf4 Rd8
23.Bh6 Bf8 24.Be3 b6 25.Qf3 Kh8 26.h4 Qd7 27.Qe2 b5 28.Rxc6 Qxc6 29.Rc1 Qd7
30.Nc5 Bxc5 31.Rxc5 Rc8 32.Qc2 Rc7 33.Qe4 Rc6 34.a3 Qc8 35.Qc2 Ne7 36.Qe4  1/2-1/2

[Event "Regionalliga SO9697"]
[Site "Bayern"]
[Date "1997.??.??"]
[Round "?"]
[White "Besner, Bernhard"]
[Black "Schlosser, Andreas"]
[Result "0-1"]
[WhiteElo "2050"]
[BlackElo "2085"]

1.e4 c5 2.c3 Nf6 3.e5 Nd5 4.d4 cxd4 5.Qxd4 e6 6.Bc4 Nc6 7.Qe4 f5 8.Qe2 Nde7
9.Nf3 Qc7 10.O-O Ng6 11.Re1 Be7 12.b4 O-O 13.Bb3 b6 14.h4 Nxh4 15.b5 Na5
16.Nxh4 Bxh4 17.Ba3 Rf7 18.Bd6 Qd8 19.Nd2 Bb7 20.Nf3 Rc8 21.Bb4 Be7 22.Bxa5 bxa5
23.Rad1 Qe8 24.Rd3 g5 25.Red1 g4 26.Nd4 Bc5 27.Qd2 f4 28.Qe2 Bxd4 29.Rxd4 Bxg2
30.Qd2 Bf3 31.Rc1 Rf5 32.Rxd7 Rh5 33.Bxe6+ Qxe6 34.Rd8+ Rxd8 35.Qxd8+ Kf7
36.Qc7+ Kg6  0-1

[Event "Regionalliga NW9798"]
[Site "Bayern"]
[Date "1997.??.??"]
[Round "?"]
[White "Kraus, Josef"]
[Black "Dahlheimer, Bernd"]
[Result "0-1"]
[WhiteElo "2055"]
[BlackElo "2010"]

1.e4 c5 2.c3 Nf6 3.e5 Nd5 4.d4 cxd4 5.Bc4 Nb6 6.Bb3 Nc6 7.Nf3 d5 8.exd6 Qxd6
9.O-O Bf5 10.cxd4 Na5 11.Nc3 Nxb3 12.Qxb3 e6 13.Ne5 Qb4 14.Qd1 Rd8 15.Be3 Bd6
16.Qf3 f6 17.g4 fxe5 18.gxf5 O-O 19.dxe5 Bxe5 20.Qe4 Bxc3 21.Qxe6+ Kh8 22.bxc3 Qg4+
23.Kh1 Qf3+ 24.Kg1 Rxf5 25.Rfe1 Rdf8 26.Bd4 Qg4+ 27.Kf1 Qh3+  0-1

[Event "Regionalliga NW9798"]
[Site "Bayern"]
[Date "1997.??.??"]
[Round "?"]
[White "Kudlich, Harald"]
[Black "Kraich, Klaus"]
[Result "0-1"]
[WhiteElo "1905"]
[BlackElo "1990"]

1.e4 c5 2.c3 Nf6 3.e5 Nd5 4.d4 cxd4 5.Nf3 Nc6 6.Bc4 Nb6 7.Bb3 e6 8.O-O d6
9.cxd4 dxe5 10.dxe5 Qxd1 11.Rxd1 Be7 12.Nc3 O-O 13.Be3 Nd7 14.Nb5 Rd8 15.Bf4 h6
16.h4 Nc5 17.Rxd8+ Bxd8 18.Bc4 b6 19.h5 Be7 20.Rd1 Bb7 21.a3 Rd8 22.Rxd8+ Bxd8
23.b4 Nd7 24.Nd6 Ba8 25.Bb5 Ndb8 26.Kf1 Kf8 27.Ke2 Bc7 28.Ba4 a6 29.b5 Ne7
30.bxa6 Nxa6 31.Bd2 Nc5 32.Bb5 Bxf3+ 33.Kxf3 Bxd6 34.exd6 Nf5 35.d7 Ke7 36.Bc3 f6
37.g4 Nd6 38.Bc6 Nxd7 39.Ke3 Ne5 40.Bxe5 Nc4+ 41.Kf4 fxe5+ 42.Ke4 Kd6 43.Be8 Nxa3
44.f4 exf4 45.Kxf4 Nc4 46.g5 Ne5 47.gxh6 gxh6  0-1

[Event "Oberliga Bayern9697"]
[Site "Bayern"]
[Date "1997.??.??"]
[Round "?"]
[White "Bintakis, Michael"]
[Black "Haag, Wolfgang"]
[Result "1/2-1/2"]
[WhiteElo "2200"]
[BlackElo "2305"]

1.e4 c5 2.c3 Nf6 3.e5 Nd5 4.g3 Nc6 5.Bg2 Qc7 6.Qe2 Qxe5 7.Qxe5 Nxe5 8.Bxd5 Nd3+
9.Kf1 Nxc1 10.Be4 c4 11.Na3 Nd3 12.Nxc4 Nc5 13.Bf3 e6 14.d4 Na4 15.Rb1 d5
16.Ne5 f6 17.Nd3 Bd6 18.Bd1 Bd7 19.f4 O-O 20.Nf3 Rfc8 21.Kf2 b5 22.Nd2 a5
23.a3 Be8 24.Bg4 Bd7 25.Rhe1 Kf7 26.Nb3 b4 27.axb4 axb4 28.cxb4 Bxb4 29.Nxb4 Rab8
30.Nxd5 Rxb3 31.Ne3 Rxb2+ 32.Rxb2 Nxb2 33.Rb1 Rb8 34.Kg1 f5 35.Bh5+ g6 36.Be2 Rb6
37.Nd1 Na4 38.Rxb6 Nxb6 39.Ne3 Ke7 40.Nc4 Bb5 41.Nxb6 Bxe2 42.Na4 Kd6 43.Kf2 Ba6
44.Nc3 Bd3 45.Ke3 Bc4 46.Kd2 Ba6 47.Kc2 Bc4 48.Kb2 g5 49.Ka3 h6 50.Kb4 Bd3
51.Ka5 Kc6 52.Kb4 Kd6 53.Ka5  1/2-1/2